Представление документа в формате RUSMARC

ПолеНазваниеЗначение
  Тип записи a
  Библиографический уровень m
001 Контрольный номер RU\NLR\BIBL_A\022621496
005 Дата корректировки 20260427101906.0
010 Индекс ISBN __
a ISBN 978-5-392-44547-9
9 Тираж 2000 экз.
100 Данные общей обработки __
a Данные общей обработки 20260402d2025 u y0rusy0189 ca
101 Язык документа 0_
a Язык текста rus
102 Страна публикации __
a Страна публикации RU
105 Кодированные данные (монография) __
a Кодированные данные (монография) a z 000ay
200 Заглавие и сведения об ответственности 1_
a Заглавие Авантюрный роман
f Первые сведения об ответственности Надежда Тэффи
g Последующие сведения об ответственности иллюстрации Л. Икара
203 Вид содержания и тип средства __
a Вид содержания Текст
b Характеристика содержания визуальный
c Тип средства непосредственный
210 Выходные данные 1_
a Место издания Москва
c Издательство Проспект
d Дата издания 2025
215 Физическое описание __
a Объем 174, [2] с.
c Иллюстрации/тип воспроизводства ил.
d Формат 20 см
225 Серия 1_
a Серия Роман с книгой
333 Примечание о целевом назначении __
a Примечание о целевом назначении 16+
606 Тематические рубрики 0_
a Основная рубрика Проза (х. л.)
610 Ключевые слова 0_
a Ключевые слова проза русская
686 Индексы других классификаций __
a Классификационный индекс 84Р1-4
2 Код системы rubbk
700 Автор _1
a Фамилия Тэффи
b Имя (инициалы) Н. А.
f Даты 1872-1952
g Полное личное имя Надежда Александровна
702 Вторичная интеллектуальная ответственность _1
a Фамилия Икар
b Имя (инициалы) Л.
f Даты 1888-1950
g Полное личное имя Луи
4 Код отношения 440
790 Имя лица - альтернативная форма _1
a Имя лица - альтернативная форма Лохвицкая
b Имя (инициалы) Н. А.
g Полное личное имя Надежда Александровна
801 Источник записи _0
a Страна RU
b Организация NLR
c Дата составления 20250915
g Правила каталогизации RCR
801 Источник записи _1
a Страна RU
b Организация NLR
c Дата составления 20250915
2 Код формата rusmarc
801 Источник записи _2
a Страна RU
b Организация Ульяновская ОНБ
c Дата составления 20260402
g Правила каталогизации RCR
900 Электронные ресурсы __
a Имя электронного ресурса проспект20260134
900 Электронные ресурсы __
a Имя электронного ресурса проспект20260135
901 Тип документа __
t Тип документа m
909 Создатель записи __
a Создатель записи Макушик
b Дата создания записи 20260402
910 Корректоры записи __
a Корректор записи Пряхина
b Дата внесения изменения в запись 20260427